[Event "Olimpiada de Khanty-Mansiysk 2010"]
[Site "Khanty-Mansiysk RUS"]
[Date "2010.09.24"]
[Round "4"]
[White "Arias Santana, Mauricio"]
[Black "Nelis, Jean-Francois"]
[Result "1-0"]
[WhiteElo "2345"]
[BlackElo "2238"]
[PlyCount "155"]
[EventDate "2010.09.21"]
[EventType "team"]
[EventRounds "11"]
[EventCountry "RUS"]
[Source "lmi"]
[SourceDate "2010.09.21"]
[WhiteTeam "Costa Rica"]
[BlackTeam "Mónaco"]
[WhiteTeamCountry "CRI"]
[BlackTeamCountry "MNC"]

1. d4 Nf6 2. c4 g6 3. Nc3 d5 4. Nf3 Bg7 5. Bf4 O-O 6. e3 c5 7. dxc5 Qa5 8. Rc1
dxc4 9. Bxc4 Qxc5 10. Qe2 Bg4 11. O-O Bxf3 12. gxf3 Nh5 13. Bg3 Nc6 14. Nd5
Nxg3 15. hxg3 Qd6 16. Rfd1 Rad8 17. Bb5 Nd4 18. Nxe7+ Qxe7 19. exd4 Qxe2 20.
Bxe2 Rxd4 21. Rxd4 Bxd4 22. Rc7 Bxb2 23. Rxb7 Bd4 24. Bc4 g5 25. a4 Bb6 26. Rd7
h6 27. Bb3 Kg7 28. Kg2 Kg6 29. Bc2+ Kg7 30. Bb3 Kg6 31. g4 Kg7 32. Kf1 Kg6 33.
Re7 Kf6 34. Rd7 Kg6 35. Kg2 Rd8 36. Rxf7 Rd2 37. a5 Bxf2 38. Kf1 Bc5 39. Rf5
Bd4 40. Bc4 Bf6 41. Rb5 Bc3 42. a6 Rd6 43. Rb7 Bd4 44. Re7 Kf6 45. Rf7+ Kg6 46.
Ke2 Bb6 47. Rf5 Bg1 48. Bd3 Kg7 49. Rb5 Bb6 50. Bc4 Kf6 51. Rf5+ Kg6 52. Rf8
Bg1 53. Rh8 Kg7 54. Rc8 Bb6 55. Bd3 Kf6 56. Kd2 Ke5 57. Kc3 Bf2 58. Rc4 Rd4 59.
Rc7 Rd6 60. Be2 Kd5 61. Re7 Bd4+ 62. Kd3 Bf2 63. Kd2 Bb6 64. Bd3 Kd4 65. Re4+
Kc5 66. Re5+ Rd5 67. Re7 Kd6 68. Rh7 Ke5 69. Rxh6 Rd6 70. Rh7 Rf6 71. Ke2 Kf4
72. Rg7 Bg1 73. Kf1 Bb6 74. Be2 Be3 75. Kg2 Re6 76. Bc4 Re8 77. Rd7 Rf8 78. Re7
1-0

[Event "Olimpiada de Khanty-Mansiysk 2010"]
[Site "Khanty-Mansiysk RUS"]
[Date "2010.09.24"]
[Round "4"]
[White "Van Hoolandt, Patrick"]
[Black "Gonzalez, Bernal"]
[Result "0-1"]
[WhiteElo "2151"]
[BlackElo "2423"]
[PlyCount "80"]
[EventDate "2010.09.21"]
[EventType "team"]
[EventRounds "11"]
[EventCountry "RUS"]
[Source "lmi"]
[SourceDate "2010.09.21"]
[WhiteTeam "Mónaco"]
[BlackTeam "Costa Rica"]
[WhiteTeamCountry "MNC"]
[BlackTeamCountry "CRI"]

1. d4 d6 2. c4 e5 3. Nc3 exd4 4. Qxd4 Nc6 5. Qd2 g6 6. b3 Bg7 7. Bb2 Nf6 8. e4
O-O 9. Bd3 Ng4 10. Nd5 Bxb2 11. Qxb2 Nce5 12. Be2 c6 13. Nc3 f5 14. Nf3 fxe4
15. Nxe4 Bf5 16. Ng3 Nxf3+ 17. gxf3 Ne5 18. O-O-O Qg5+ 19. Qd2 Qxd2+ 20. Rxd2
Bh3 21. Rxd6 Nxf3 22. Rhd1 Nxh2 23. Ne4 Bf5 24. Nc5 Rae8 25. R1d2 Bc8 26. Nd7
Bxd7 27. Rxd7 Rxf2 28. Bd1 Rxd2 29. Kxd2 Nf1+ 30. Kd3 Ne3 31. Bf3 Nf5 32. Be4
Ng3 33. Bf3 Rb8 34. Kd4 Rf8 35. Bg4 Rf4+ 36. Ke3 Rxg4 37. Kf3 h5 38. Rxb7 a5
39. Ra7 Nf5 40. Rxa5 Nd4+ 0-1

[Event "Olimpiada de Khanty-Mansiysk 2010"]
[Site "Khanty-Mansiysk RUS"]
[Date "2010.09.24"]
[Round "4"]
[White "Ruiz Blais, Sebastian"]
[Black "Gentilleau, Jean-Philippe"]
[Result "0-1"]
[WhiteElo "2172"]
[BlackElo "2182"]
[PlyCount "52"]
[EventDate "2010.09.21"]
[EventType "team"]
[EventRounds "11"]
[EventCountry "RUS"]
[Source "lmi"]
[SourceDate "2010.09.21"]
[WhiteTeam "Costa Rica"]
[BlackTeam "Mónaco"]
[WhiteTeamCountry "CRI"]
[BlackTeamCountry "MNC"]

1. e4 g6 2. d4 Bg7 3. Nc3 d6 4. f4 Nc6 5. Be3 Nf6 6. Be2 O-O 7. e5 Ne8 8. Nf3
e6 9. h4 f6 10. exd6 Nxd6 11. h5 gxh5 12. Qd2 e5 13. fxe5 fxe5 14. d5 Ne7 15.
Bh6 Nef5 16. Bxg7 Nxg7 17. O-O-O Qf6 18. Kb1 Bg4 19. Rhe1 Rae8 20. Ng5 Qf4 21.
Nge4 Nxe4 22. Nxe4 Qxe4 23. Bxg4 Qxg4 24. Qa5 b6 25. Qxa7 Qc4 26. Qb7 Rf2 0-1

[Event "Olimpiada de Khanty-Mansiysk 2010"]
[Site "Khanty-Mansiysk RUS"]
[Date "2010.09.24"]
[Round "4"]
[White "Ribbegren, Karl Johan"]
[Black "Duran Vega, Sergio"]
[Result "1-0"]
[WhiteElo "2153"]
[BlackElo "2156"]
[PlyCount "57"]
[EventDate "2010.09.21"]
[EventType "team"]
[EventRounds "11"]
[EventCountry "RUS"]
[Source "lmi"]
[SourceDate "2010.09.21"]
[WhiteTeam "Mónaco"]
[BlackTeam "Costa Rica"]
[WhiteTeamCountry "MNC"]
[BlackTeamCountry "CRI"]

1. Nf3 Nf6 2. g3 g6 3. Bg2 Bg7 4. O-O O-O 5. c4 d6 6. Nc3 Nc6 7. Rb1 a5 8. a3
Bf5 9. d3 e5 10. e4 Be6 11. Ng5 Bg4 12. f3 Bd7 13. f4 Bg4 14. Qe1 h6 15. Nf3
Qd7 16. Nh4 exf4 17. gxf4 Nd4 18. Qg3 Be2 19. Rf2 Bh5 20. Bh3 Bg4 21. f5 Bxh3
22. Qxh3 g5 23. Ng2 Nc6 24. Nd5 Qd8 25. Nge3 Ne5 26. Nxf6+ Bxf6 27. Qxh6 Nxd3
28. Rg2 Bg7 29. Rxg5 1-0

[Event "Olimpiada de Khanty-Mansiysk 2010"]
[Site "Khanty-Mansiysk RUS"]
[Date "2010.09.24"]
[Round "4"]
[White "Paiva, Donaldo"]
[Black "Ahmed, Abdul Sattar abdul"]
[Result "0-1"]
[WhiteElo "2138"]
[BlackElo "2342"]
[PlyCount "74"]
[EventDate "2010.09.21"]
[EventType "team"]
[EventRounds "11"]
[EventCountry "RUS"]
[Source "lmi"]
[SourceDate "2010.09.21"]
[WhiteTeam "Mozambique"]
[BlackTeam "Irak"]
[WhiteTeamCountry "MOZ"]
[BlackTeamCountry "IRQ"]

1. d4 Nf6 2. c4 g6 3. Nc3 Bg7 4. e4 d6 5. Nf3 O-O 6. Be2 e5 7. O-O Nc6 8. d5
Ne7 9. b4 a5 10. Ba3 Nd7 11. Re1 Bh6 12. Nd2 f5 13. Bf3 axb4 14. Bxb4 b6 15.
Nb3 Ba6 16. Qd3 Kh8 17. a4 fxe4 18. Nxe4 Nf5 19. a5 Nc5 20. Bxc5 bxc5 21. Be2
Qe7 22. Nc3 Rab8 23. Nb5 e4 24. Qc2 e3 25. f3 Rbe8 26. Bd3 Nh4 27. Kh1 Rf7 28.
Re2 Qg5 29. Rf1 Bc8 30. Nc1 Qh5 31. Kg1 Bf4 32. g3 Nxf3+ 33. Rxf3 Qxf3 34. gxf4
Rxf4 35. Rg2 Bh3 36. Qe2 Bxg2 37. Qxf3 Bxf3 0-1

[Event "Olimpiada de Khanty-Mansiysk 2010"]
[Site "Khanty-Mansiysk RUS"]
[Date "2010.09.24"]
[Round "4"]
[White "Al-Ali, Hussein Ali Husse"]
[Black "Cossa, Pedro Ventura"]
[Result "1-0"]
[WhiteElo "2364"]
[BlackElo "2010"]
[PlyCount "87"]
[EventDate "2010.09.21"]
[EventType "team"]
[EventRounds "11"]
[EventCountry "RUS"]
[Source "lmi"]
[SourceDate "2010.09.21"]
[WhiteTeam "Irak"]
[BlackTeam "Mozambique"]
[WhiteTeamCountry "IRQ"]
[BlackTeamCountry "MOZ"]

1. d4 Nf6 2. Nf3 e6 3. c4 Bb4+ 4. Nbd2 b6 5. a3 Be7 6. g3 Bb7 7. Bg2 O-O 8. O-O
d6 9. b4 Nbd7 10. Bb2 Re8 11. Qc2 Nf8 12. e4 Ng6 13. Rfe1 Nd7 14. Rad1 Qc8 15.
h4 c6 16. h5 Ngf8 17. e5 d5 18. c5 a5 19. Ra1 f6 20. Nb3 fxe5 21. Nxe5 a4 22.
Nd2 Nxe5 23. Rxe5 bxc5 24. bxc5 Bf6 25. Re3 Qd7 26. f4 Qf7 27. g4 h6 28. Rf1
Ba6 29. Rf2 Nh7 30. Nf3 Qc7 31. Ne5 Bc8 32. Bf1 Ra7 33. Bd3 Nf8 34. g5 hxg5 35.
fxg5 Bxe5 36. dxe5 Qe7 37. Rg3 Nd7 38. h6 g6 39. Bxg6 Rf8 40. Bd4 Ba6 41. Bf7+
Rxf7 42. Qg6+ Rg7 43. hxg7 Ra8 44. Rh3 1-0

[Event "Olimpiada de Khanty-Mansiysk 2010"]
[Site "Khanty-Mansiysk RUS"]
[Date "2010.09.24"]
[Round "4"]
[White "Khetho, Phemelo"]
[Black "Eichab, Charles Sidney"]
[Result "1-0"]
[WhiteElo "2266"]
[BlackElo "2046"]
[PlyCount "91"]
[EventDate "2010.09.21"]
[EventType "team"]
[EventRounds "11"]
[EventCountry "RUS"]
[Source "lmi"]
[SourceDate "2010.09.21"]
[WhiteTeam "Botswana"]
[BlackTeam "Namibia"]
[WhiteTeamCountry "BOT"]
[BlackTeamCountry "NAM"]

1. Nf3 e6 2. g3 d5 3. Bg2 Nf6 4. d3 Nc6 5. Nbd2 e5 6. e4 dxe4 7. dxe4 Bc5 8.
O-O Bg4 9. h3 Bxf3 10. Bxf3 O-O 11. c3 Be7 12. Qe2 Qd7 13. Kg2 Rfd8 14. Nb3 Qd3
15. Qxd3 Rxd3 16. Be3 Rad8 17. Nc5 Bxc5 18. Bxc5 h6 19. Be3 b6 20. Be2 R3d6 21.
f3 Kf8 22. h4 Kg8 23. Kf2 Kh7 24. Rh1 Nh5 25. Rag1 g6 26. Bc1 Ng7 27. f4 Ne6
28. b4 f6 29. f5 gxf5 30. exf5 Ng7 31. g4 Ne7 32. Rh3 R6d7 33. g5 Rd6 34. g6+
Kh8 35. Bxh6 Ngxf5 36. Bc1 Kg7 37. h5 Nh6 38. Bc4 Nef5 39. Ke2 e4 40. Bf4 Rc6
41. Bb5 Re6 42. Bxc7 Rf8 43. Rd1 Re7 44. Bd8 Rb7 45. Bc6 Rb8 46. Rd7+ 1-0

[Event "Olimpiada de Khanty-Mansiysk 2010"]
[Site "Khanty-Mansiysk RUS"]
[Date "2010.09.24"]
[Round "4"]
[White "Njobvu, Ignatius"]
[Black "Nakapunda, Otto"]
[Result "1-0"]
[WhiteElo "2217"]
[BlackElo "2073"]
[PlyCount "95"]
[EventDate "2010.09.21"]
[EventType "team"]
[EventRounds "11"]
[EventCountry "RUS"]
[Source "lmi"]
[SourceDate "2010.09.21"]
[WhiteTeam "Botswana"]
[BlackTeam "Namibia"]
[WhiteTeamCountry "BOT"]
[BlackTeamCountry "NAM"]

1. d4 d5 2. c4 c6 3. Nc3 Nf6 4. cxd5 cxd5 5. Bf4 Qb6 6. e3 Bg4 7. Bb5+ Nc6 8.
f3 Bh5 9. g4 Bg6 10. g5 Nh5 11. Nxd5 Qa5+ 12. b4 Qa3 13. Qc1 Qxc1+ 14. Rxc1 Rc8
15. Bxc6+ Rxc6 16. Rxc6 bxc6 17. Nc7+ Kd7 18. Na6 Nxf4 19. exf4 e6 20. Kd2 Bd6
21. Ne2 h6 22. h4 Ke7 23. Ke3 f6 24. gxf6+ gxf6 25. Nc3 e5 26. fxe5 fxe5 27.
Ne4 exd4+ 28. Kxd4 Bxe4 29. Re1 Rg8 30. Rxe4+ Kd7 31. Nc5+ Bxc5+ 32. bxc5 Rg2
33. a4 Ra2 34. Ke5 Rc2 35. f4 Rxc5+ 36. Kf6 Rd5 37. f5 c5 38. Re7+ Kc6 39. Kg6
Rd4 40. f6 Rxh4 41. f7 Rf4 42. Re6+ Kd5 43. Rf6 Rg4+ 44. Kxh6 Rh4+ 45. Kg5 Rh8
46. f8=Q Rxf8 47. Rxf8 c4 48. Kf4 1-0

[Event "Olimpiada de Khanty-Mansiysk 2010"]
[Site "Khanty-Mansiysk RUS"]
[Date "2010.09.24"]
[Round "4"]
[White "Chumfwa, Stanley"]
[Black "Kojima, Shinya"]
[Result "1/2-1/2"]
[WhiteElo "2315"]
[BlackElo "2334"]
[PlyCount "72"]
[EventDate "2010.09.21"]
[EventType "team"]
[EventRounds "11"]
[EventCountry "RUS"]
[Source "lmi"]
[SourceDate "2010.09.21"]
[WhiteTeam "Zambia"]
[BlackTeam "Japón"]
[WhiteTeamCountry "ZAM"]
[BlackTeamCountry "JPN"]

1. e4 c6 2. d4 d5 3. exd5 cxd5 4. c4 Nf6 5. Nc3 Nc6 6. Nf3 Bg4 7. cxd5 Nxd5 8.
Qb3 Bxf3 9. gxf3 e6 10. Qxb7 Nxd4 11. Bb5+ Nxb5 12. Qc6+ Ke7 13. Qxb5 Nxc3 14.
bxc3 Rb8 15. Qc5+ Ke8 16. Qxa7 Bd6 17. Qa4+ Qd7 18. Qxd7+ Kxd7 19. Ke2 Rhc8 20.
Bd2 Rb5 21. f4 Rf5 22. Rhg1 Bxf4 23. Bxf4 Rxf4 24. Rxg7 Rxc3 25. Rxh7 Rc2+ 26.
Kd3 Rcxf2 27. a4 Kc6 28. Rh3 Kb6 29. a5+ Ka6 30. Rh8 R2f3+ 31. Ke2 Rb3 32. Ra8+
Kb7 33. Re8 Rh4 34. a6+ Ka7 35. Re7+ Ka8 36. Rh1 Rb2+ 1/2-1/2

[Event "Olimpiada de Khanty-Mansiysk 2010"]
[Site "Khanty-Mansiysk RUS"]
[Date "2010.09.24"]
[Round "4"]
[White "Nanjo, Ryosuke"]
[Black "Jere, Daniel"]
[Result "1-0"]
[WhiteElo "2257"]
[BlackElo "2267"]
[PlyCount "99"]
[EventDate "2010.09.21"]
[EventType "team"]
[EventRounds "11"]
[EventCountry "RUS"]
[Source "lmi"]
[SourceDate "2010.09.21"]
[WhiteTeam "Japón"]
[BlackTeam "Zambia"]
[WhiteTeamCountry "JPN"]
[BlackTeamCountry "ZAM"]

1. e4 e6 2. d4 d5 3. Nd2 Nf6 4. e5 Nfd7 5. Bd3 c5 6. c3 Nc6 7. Ne2 cxd4 8. cxd4
f6 9. exf6 Nxf6 10. Nf3 Bd6 11. O-O Qc7 12. g3 O-O 13. Bf4 Bxf4 14. Nxf4 Qb6
15. b3 Bd7 16. Rc1 Rae8 17. Bb1 Kh8 18. Re1 e5 19. Nxe5 Nxd4 20. Nxd7 Rxe1+ 21.
Qxe1 Nf3+ 22. Kh1 Nxd7 23. Qe3 Qxe3 24. fxe3 Nf6 25. Kg2 Ne5 26. h3 Nc6 27. Rd1
Rd8 28. Kf2 Kg8 29. g4 h6 30. Bf5 d4 31. exd4 Rxd4 32. Rxd4 Nxd4 33. Bd3 Kf7
34. Ke3 Nc6 35. Bc4+ Ke7 36. Nd5+ Nxd5+ 37. Bxd5 Nb4 38. Bxb7 Nxa2 39. Kd4 Kd6
40. Kc4 g5 41. b4 Ke5 42. Ba6 Kf4 43. Kb3 Nxb4 44. Kxb4 Kg3 45. Bf1 Kf4 46. Ka5
h5 47. gxh5 Kf5 48. Bd3+ Kf6 49. h6 Kf7 50. Bh7 1-0

[Event "Olimpiada de Khanty-Mansiysk 2010"]
[Site "Khanty-Mansiysk RUS"]
[Date "2010.09.24"]
[Round "4"]
[White "Chumfwa, Kelvin"]
[Black "Yamada, Kohei"]
[Result "0-1"]
[WhiteElo "2224"]
[BlackElo "2071"]
[PlyCount "119"]
[EventDate "2010.09.21"]
[EventType "team"]
[EventRounds "11"]
[EventCountry "RUS"]
[Source "lmi"]
[SourceDate "2010.09.21"]
[WhiteTeam "Zambia"]
[BlackTeam "Japón"]
[WhiteTeamCountry "ZAM"]
[BlackTeamCountry "JPN"]

1. d4 d5 2. c4 c6 3. Nc3 dxc4 4. Nf3 Nf6 5. a4 Bf5 6. e3 e6 7. Bxc4 Bb4 8. O-O
O-O 9. Nh4 Bg4 10. f3 Bh5 11. g4 Bg6 12. Nxg6 hxg6 13. Qb3 Qe7 14. g5 Nd5 15.
e4 Nb6 16. Be2 a5 17. Na2 Na6 18. Be3 Nd7 19. Rac1 e5 20. Nxb4 Nxb4 21. dxe5
Qxe5 22. Rfd1 Rad8 23. Rd2 Qe7 24. h4 b6 25. Kg2 Nc5 26. Bxc5 bxc5 27. Rcd1
Rxd2 28. Rxd2 Rd8 29. Qd1 Rxd2 30. Qxd2 Qe5 31. Bc4 Qd4 32. Qe2 Kf8 33. b3 Ke7
34. Qf2 f6 35. Qg3 Kd7 36. Qh3+ Kc7 37. Qg3+ Kb7 38. gxf6 gxf6 39. Qf2 Qd6 40.
f4 Kb6 41. Kh3 Qd1 42. Qf1 Qd2 43. Qg2 Qe3+ 44. Kg4 Qc1 45. Qf1 Qe3 46. Qg2 Qc1
47. Qf1 Qd2 48. Qe2 Qd4 49. Kf3 Qa1 50. Kg2 Qc1 51. Qf1 Qd2+ 52. Qf2 Qd1 53.
Qe2 Qd4 54. h5 gxh5 55. Kh3 Qg1 56. Qxh5 Qh1+ 57. Kg4 Qxe4 58. Qf5 Qg2+ 59. Kh5
Nd5 60. Bxd5 0-1

[Event "Olimpiada de Khanty-Mansiysk 2010"]
[Site "Khanty-Mansiysk RUS"]
[Date "2010.09.24"]
[Round "4"]
[White "Juarez, Flores Carlos A"]
[Black "Shobaita, Talal"]
[Result "1/2-1/2"]
[WhiteElo "2366"]
[BlackElo "2160"]
[PlyCount "107"]
[EventDate "2010.09.21"]
[EventType "team"]
[EventRounds "11"]
[EventCountry "RUS"]
[Source "lmi"]
[SourceDate "2010.09.21"]
[WhiteTeam "Guatemala"]
[BlackTeam "Palestina"]
[WhiteTeamCountry "GUA"]
[BlackTeamCountry "PLE"]

1. e4 c5 2. Nf3 d6 3. d4 cxd4 4. Nxd4 Nf6 5. Nc3 Nc6 6. Be2 g6 7. O-O Bg7 8.
Nb3 O-O 9. Bg5 a6 10. Re1 b5 11. Bf1 h6 12. Bh4 Bb7 13. a4 b4 14. Nd5 g5 15.
Bg3 Nxd5 16. exd5 Ne5 17. f4 Nd7 18. Nd4 Bxd5 19. Nf5 e6 20. Nxg7 Kxg7 21. fxg5
hxg5 22. Qd4+ Qf6 23. Qxf6+ Nxf6 24. Bxd6 Rfc8 25. Bxb4 Rxc2 26. Bc3 Bc6 27.
Re3 Rd8 28. Rg3 Kg6 29. Bxa6 Nh5 30. Bd3+ Rxd3 31. Rxd3 Rxg2+ 32. Kf1 Rxh2 33.
b4 Nf4 34. Rd2 Rh1+ 35. Kf2 Rxa1 36. Bxa1 Bxa4 37. Ra2 Bc6 38. Bc3 f5 39. Ra6
Bd5 40. b5 Nd3+ 41. Ke3 Nc5 42. Ra7 f4+ 43. Kd4 Nb3+ 44. Ke5 f3 45. Kd6 g4 46.
Rg7+ Kh5 47. Be1 Nd4 48. Ke5 Nf5 49. Rg8 g3 50. Rxg3 Nxg3 51. Bxg3 Kg6 52. b6
Kf7 53. Bf2 Ke7 54. Be3 1/2-1/2

[Event "Olimpiada de Khanty-Mansiysk 2010"]
[Site "Khanty-Mansiysk RUS"]
[Date "2010.09.24"]
[Round "4"]
[White "Cu, Hor Winston"]
[Black "Shobaita, Ahmed"]
[Result "1-0"]
[WhiteElo "2106"]
[BlackElo "2072"]
[PlyCount "75"]
[EventDate "2010.09.21"]
[EventType "team"]
[EventRounds "11"]
[EventCountry "RUS"]
[Source "lmi"]
[SourceDate "2010.09.21"]
[WhiteTeam "Guatemala"]
[BlackTeam "Palestina"]
[WhiteTeamCountry "GUA"]
[BlackTeamCountry "PLE"]

1. d4 d6 2. c4 g6 3. Nc3 Bg7 4. e4 Nc6 5. Be3 e5 6. d5 Nce7 7. f3 f5 8. Qd2 a6
9. Bd3 Bd7 10. Nge2 f4 11. Bf2 Nf6 12. O-O-O Qb8 13. g3 fxg3 14. hxg3 b5 15. c5
b4 16. Nb1 a5 17. c6 Bc8 18. Rh4 Ba6 19. Bxa6 Rxa6 20. Qd3 Ra8 21. Nd2 a4 22.
Kb1 a3 23. b3 g5 24. Rhh1 Ng6 25. Be3 h6 26. Nc4 Qd8 27. Bd2 Rb8 28. Ne3 Ne7
29. Nc2 g4 30. f4 exf4 31. Nxf4 Kf7 32. Bxb4 Qe8 33. Bc3 Nxc6 34. dxc6 Qxc6 35.
Nd5 Nxd5 36. Bxg7 Kxg7 37. exd5 Qc5 38. Nd4 1-0

[Event "Olimpiada de Khanty-Mansiysk 2010"]
[Site "Khanty-Mansiysk RUS"]
[Date "2010.09.24"]
[Round "4"]
[White "Ziska, Helgi Dam"]
[Black "Eid, Fadi"]
[Result "1-0"]
[WhiteElo "2439"]
[BlackElo "2387"]
[PlyCount "147"]
[EventDate "2010.09.21"]
[EventType "team"]
[EventRounds "11"]
[EventCountry "RUS"]
[Source "lmi"]
[SourceDate "2010.09.21"]
[WhiteTeam "Islas Faroe"]
[BlackTeam "Líbano"]
[WhiteTeamCountry "FAI"]
[BlackTeamCountry "LBN"]

1. f4 d5 2. Nf3 g6 3. e3 Bg7 4. Be2 Nf6 5. O-O O-O 6. d3 c5 7. Nc3 Nc6 8. Ne5
Nxe5 9. fxe5 Ne8 10. d4 Nc7 11. Bf3 e6 12. Ne2 b6 13. Nf4 a5 14. a4 Ba6 15. Re1
Rc8 16. c3 Qd7 17. Qb3 Rb8 18. Bd2 Rfc8 19. Red1 Bf8 20. Qc2 Be7 21. Be1 cxd4
22. exd4 Bd8 23. h4 Ne8 24. h5 Ng7 25. Bd2 Nf5 26. Bc1 b5 27. g4 Nh4 28. Be2
Ra8 29. axb5 Bxb5 30. Ng2 Nxg2 31. Kxg2 Bc4 32. Rf1 Rab8 33. Rf2 Bh4 34. Rf3
Qd8 35. Bxc4 dxc4 36. Qd2 g5 37. Kg1 Qd5 38. Qe2 Rb7 39. Rf6 Rcb8 40. Qf3 Qxf3
41. Rxf3 Rb5 42. Ra4 Rc8 43. h6 Kf8 44. Kf1 Ke7 45. Ke2 Rc7 46. Kd1 Kd8 47. Kc2
Kc8 48. Be3 Kb7 49. Rf1 Ka6 50. Rfa1 Rc8 51. Rf1 Rc7 52. Rb1 Rc8 53. Bd2 Rc7
54. b3 cxb3+ 55. Rxb3 Rxb3 56. Kxb3 Rb7+ 57. Kc2 Kb5 58. Ra1 Ra7 59. Kd3 a4 60.
c4+ Kc6 61. Ra3 f6 62. exf6 Rf7 63. Bc3 Kb6 64. d5 exd5 65. cxd5 Kb5 66. Be5
Bf2 67. d6 Bc5 68. Ra1 Bxd6 69. Ke4 Bf8 70. Kd5 Bxh6 71. Rb1+ Ka6 72. Ke6 Ra7
73. Bd6 Bg7 74. Bb8 1-0

[Event "Olimpiada de Khanty-Mansiysk 2010"]
[Site "Khanty-Mansiysk RUS"]
[Date "2010.09.24"]
[Round "4"]
[White "Sakr, Nassim"]
[Black "Berg, Olaf"]
[Result "0-1"]
[WhiteElo "2177"]
[BlackElo "2274"]
[PlyCount "59"]
[EventDate "2010.09.21"]
[EventType "team"]
[EventRounds "11"]
[EventCountry "RUS"]
[Source "lmi"]
[SourceDate "2010.09.21"]
[WhiteTeam "Líbano"]
[BlackTeam "Islas Faroe"]
[WhiteTeamCountry "LBN"]
[BlackTeamCountry "FAI"]

1. Nf3 c5 2. g3 Nc6 3. Bg2 e5 4. d3 d6 5. e4 Be7 6. Nc3 Be6 7. Nd5 Nf6 8. Ng5
Bd7 9. O-O Nxd5 10. exd5 Bxg5 11. dxc6 Bxc6 12. Bxc6+ bxc6 13. Bxg5 Qxg5 14. f4
Qe7 15. fxe5 dxe5 16. Qh5 O-O 17. Rae1 f6 18. Rf4 Rab8 19. b3 Rb4 20. c3 Rb7
21. Rc4 Rd7 22. Re3 Rfd8 23. Qf3 Rd5 24. Qe4 Qd7 25. g4 g6 26. Rg3 Kf7 27. Rh3
h5 28. Rg3 hxg4 29. Qe3 f5 30. Rxc5 0-1

[Event "Olimpiada de Khanty-Mansiysk 2010"]
[Site "Khanty-Mansiysk RUS"]
[Date "2010.09.24"]
[Round "4"]
[White "Samuelsen, Carl Eli Nolso"]
[Black "El Jawich, Amro"]
[Result "1-0"]
[WhiteElo "2262"]
[BlackElo "2105"]
[PlyCount "75"]
[EventDate "2010.09.21"]
[EventType "team"]
[EventRounds "11"]
[EventCountry "RUS"]
[Source "lmi"]
[SourceDate "2010.09.21"]
[WhiteTeam "Islas Faroe"]
[BlackTeam "Líbano"]
[WhiteTeamCountry "FAI"]
[BlackTeamCountry "LBN"]

1. d4 Nf6 2. g3 g6 3. Bg2 Bg7 4. e4 d6 5. Nc3 Nbd7 6. Nge2 O-O 7. h3 c5 8. Be3
cxd4 9. Bxd4 a6 10. O-O Qc7 11. Qd2 Rd8 12. Rad1 Rb8 13. f4 b5 14. e5 b4 15.
Na4 Ne8 16. Qe3 Bb7 17. Bxb7 Qxb7 18. e6 Ndf6 19. exf7+ Kxf7 20. Bb6 Rdc8 21.
Qb3+ Kf8 22. Nd4 d5 23. Ne6+ Kg8 24. Bd4 Qc6 25. Nac5 a5 26. Rfe1 Bh8 27. Qe3
Nd6 28. g4 Re8 29. b3 h6 30. Be5 Rb5 31. Qd4 Rc8 32. Qd3 Nde4 33. Bd4 Kh7 34.
g5 Nxc5 35. Nxc5 Ng8 36. Ne6 Bxd4+ 37. Nxd4 Qd7 38. Nxb5 1-0

[Event "Olimpiada de Khanty-Mansiysk 2010"]
[Site "Khanty-Mansiysk RUS"]
[Date "2010.09.24"]
[Round "4"]
[White "Kassis, Antoine"]
[Black "Andreasen, Joan Hendrik"]
[Result "1/2-1/2"]
[WhiteElo "2236"]
[BlackElo "2217"]
[PlyCount "131"]
[EventDate "2010.09.21"]
[EventType "team"]
[EventRounds "11"]
[EventCountry "RUS"]
[Source "lmi"]
[SourceDate "2010.09.21"]
[WhiteTeam "Líbano"]
[BlackTeam "Islas Faroe"]
[WhiteTeamCountry "LBN"]
[BlackTeamCountry "FAI"]

1. e4 e6 2. d3 d5 3. Nd2 Nf6 4. Ngf3 Bc5 5. Be2 O-O 6. O-O Nc6 7. c3 a5 8. Qc2
e5 9. h3 Nh5 10. exd5 Qxd5 11. Ng5 Nf4 12. Nde4 Nxe2+ 13. Qxe2 Be7 14. Rd1 Bf5
15. Nf3 Rad8 16. Bg5 f6 17. Bh4 Rd7 18. Qc2 Rfd8 19. g4 Bg6 20. Bg3 h5 21. Nh4
Bh7 22. Nf5 hxg4 23. hxg4 Bxf5 24. gxf5 Qb5 25. a4 Qd5 26. Qe2 Bf8 27. Kg2 Kf7
28. Rd2 Re8 29. Qg4 Ke7 30. Rh1 Kd8 31. f3 Qb3 32. Bf2 Qxa4 33. Nxf6 Qxg4+ 34.
Nxg4 Rf7 35. Rh5 Bd6 36. Bh4+ Kc8 37. f6 gxf6 38. Bxf6 Rg8 39. Rg5 Rxg5 40.
Bxg5 Rf5 41. Be3 Ne7 42. Bf2 Ng6 43. Bg3 c6 44. d4 Nf4+ 45. Bxf4 exf4 46. Re2
Kd7 47. Re1 Rb5 48. Nf6+ Kc8 49. Re2 a4 50. Ne4 Kc7 51. Kh3 Rb3 52. Kg4 b5 53.
Rc2 a3 54. bxa3 Rxa3 55. Nxd6 Kxd6 56. Kxf4 Kd5 57. Ke3 Kc4 58. Kd2 Ra1 59. Rb2
Rf1 60. Rb4+ Kd5 61. Ke2 Rh1 62. Ke3 Rc1 63. Kd3 Rd1+ 64. Ke2 Rh1 65. Ke3 Rh2
66. Kd3 1/2-1/2

[Event "Olimpiada de Khanty-Mansiysk 2010"]
[Site "Khanty-Mansiysk RUS"]
[Date "2010.09.24"]
[Round "4"]
[White "Jones, Richard S"]
[Black "Belzo, Krzysztof"]
[Result "1-0"]
[WhiteElo "2373"]
[BlackElo "2007"]
[PlyCount "121"]
[EventDate "2010.09.21"]
[EventType "team"]
[EventRounds "11"]
[EventCountry "RUS"]
[Source "lmi"]
[SourceDate "2010.09.21"]
[WhiteTeam "Gales"]
[BlackTeam "Islas del Canal"]
[WhiteTeamCountry "WLS"]
[BlackTeamCountry "JCI"]

1. e4 c5 2. Nf3 Nc6 3. d4 cxd4 4. Nxd4 Nf6 5. Nc3 g6 6. Nxc6 bxc6 7. e5 Ng8 8.
Bf4 Bg7 9. Qd2 Qa5 10. Bc4 Bxe5 11. O-O Bxf4 12. Qxf4 Qf5 13. Qd4 Nf6 14. Rfe1
O-O 15. Rxe7 c5 16. Qh4 g5 17. Qg3 Nh5 18. Qe3 Nf4 19. Re5 Qg4 20. Qg3 Qxg3 21.
hxg3 Ng6 22. Rxg5 Bb7 23. Rd1 Bc6 24. Rxc5 Rac8 25. Bd5 Bxd5 26. Rcxd5 Rb8 27.
Na4 Rfe8 28. Rxd7 a5 29. Kf1 Ne5 30. R7d5 Nc4 31. b3 Na3 32. c4 Nc2 33. Rxa5
Re6 34. g4 Rh6 35. Rh5 Rg6 36. Rhd5 Kg7 37. Rd8 Rb7 38. R1d7 Rb4 39. Rd2 Na3
40. Nc3 Rxg4 41. Ra8 Nxc4 42. bxc4 Rbxc4 43. Rd3 Rg5 44. Rb8 Rgc5 45. Rb3 h5
46. a4 Kg6 47. Ra3 Ra5 48. Ke2 h4 49. Rd6+ f6 50. Nd5 Raxa4 51. Rxa4 Rxa4 52.
Rxf6+ Kg5 53. Rf8 Ra3 54. Ne3 Ra4 55. Kf3 Rb4 56. Rf5+ Kg6 57. Rf4 Rb3 58. Rxh4
Ra3 59. Rb4 Rc3 60. Kf4 Ra3 61. g4 1-0

[Event "Olimpiada de Khanty-Mansiysk 2010"]
[Site "Khanty-Mansiysk RUS"]
[Date "2010.09.24"]
[Round "4"]
[White "Wojciechowski, Paul"]
[Black "Bennett, Alan"]
[Result "0-1"]
[WhiteElo "2101"]
[BlackElo "2154"]
[PlyCount "88"]
[EventDate "2010.09.21"]
[EventType "team"]
[EventRounds "11"]
[EventCountry "RUS"]
[Source "lmi"]
[SourceDate "2010.09.21"]
[WhiteTeam "Islas del Canal"]
[BlackTeam "Gales"]
[WhiteTeamCountry "JCI"]
[BlackTeamCountry "WLS"]

1. e4 c5 2. Nf3 Nc6 3. d4 cxd4 4. Nxd4 Nf6 5. Nc3 e5 6. Ndb5 d6 7. Bg5 a6 8.
Na3 b5 9. Nd5 Be7 10. Bxf6 Bxf6 11. c3 O-O 12. Nc2 Rb8 13. Bd3 Bg5 14. O-O Be6
15. Nce3 Kh8 16. Qe2 Ne7 17. a4 Bxd5 18. Nxd5 Nxd5 19. exd5 Qb6 20. axb5 axb5
21. Qg4 Bh6 22. Rfe1 g6 23. Qb4 Rfc8 24. Qh4 Bg7 25. Re3 Rc7 26. Rh3 h6 27. g4
Kg8 28. Rf3 b4 29. Ra6 Qc5 30. Be4 Qc4 31. Rxd6 Qxe4 32. Rd8+ Rxd8 33. Qxd8+
Bf8 34. Qxc7 Qxf3 35. Qxe5 Qxg4+ 36. Kf1 bxc3 37. bxc3 Qd1+ 38. Kg2 Qd3 39. h3
Qc4 40. Kg1 Qc5 41. Kf1 Bd6 42. Qe4 Qxc3 43. Qe8+ Kg7 44. Qe4 Qxh3+ 0-1